Sistema de conservación producción sostenible / (Registro nro. 6994)

Detalles MARC
000 -CABECERA
Campo de control 00947nam a2200241 a 4500
005 - FECHA Y HORA DE LA ULTIMA TRANSACCION
Campo de control 20180803165421.0
008 - ELEMENTOS DE LONGITUD FIJA—INFORMACION GENERAL
Campo de control 160317b2003 ck a fr|||| 00| 0 spa d
040 ## - FUENTE DE CATALOGACIÓN
Agencia catalogadora original CO-BoIAVH
Agencia transcriptora CO-BoIAVH
041 0# - IDIOMA
Código de idioma para texto/pista de sonido o título separado Español
044 ## - PAÍS DE PUBLICACIÓN
País de publicación Colombia
090 ## - CLASIFICACIÓN LOCAL
Colección EA-
Consecutivo 400
100 1# - ASIENTO PRINCIPAL--NOMBRE PERSONAL
Nombre personal Diaz, David
9 (RLIN) 2180
245 10 - MENCION DE TITULO
Título Sistema de conservación producción sostenible /
Mención de responsabilidad David Díaz
260 ## - PUBLICACION, DISTRIBUCION, ETC. (PIE DE IMPRENTA)
Lugar de publicación, distribución, etc. Santiago de Cali :
Nombre del editor, distribuidor, etc. Asociación Red Colombiana de las Reservas Naturales de la Sociedad Civil,
Fecha de publicación, distribución, etc. 2003.
300 ## - DESCRIPCION FISICA
Extensión 14 páginas :
Otros detalles físicos ilustraciones ;
Dimensiones 28 x 21 centímetros
650 #6 - ASIENTO SECUNDARIO DE MATERIA - TERMINO TEMATICO
Término temático o nombre geográfico como elemento de entrada Conservación de la diversidad biológica
Subdivisión general sistemas
9 (RLIN) 64470
650 #6 - ASIENTO SECUNDARIO DE MATERIA - TERMINO TEMATICO
Término temático o nombre geográfico como elemento de entrada Horticultura
Subdivisión general sistemas
9 (RLIN) 64471
650 #6 - ASIENTO SECUNDARIO DE MATERIA - TERMINO TEMATICO
Término temático o nombre geográfico como elemento de entrada Biodiversidad
Subdivisión general uso sostenible
9 (RLIN) 64472
700 1# - ASIENTO SECUNDARIO - NOMBRE PERSONAL
Nombre personal Ordoñez, Luis Felipe
Término de relación ilustrador
9 (RLIN) 25743
710 2# - ASIENTO SECUNDARIO - NOMBRE CORPORATIVO
Nombre corporativo o de jurisdicción como elemento de entrada Asociación Red Colombiana de Reservas Naturales de la Sociedad Civil
9 (RLIN) 92400
710 2# - ASIENTO SECUNDARIO - NOMBRE CORPORATIVO
Nombre corporativo o de jurisdicción como elemento de entrada Corporación semillas de agua
9 (RLIN) 64474
942 ## - ELEMENTOS ADICIONALES (KOHA)
Tipo de ítem Folleto
Sistema de clasificación Dewey Decimal Classification
Koha issues (borrowed), all copies 1
Existencias
Withdrawn status Lost status Sistema de Clasificación Damaged status No para préstamo Colección Inventariado Ubicación Permanente Ubicación actual Fecha de adquisición Fuente de Valor Total Checkouts Número topográfico Inventario / Código de Barras Date last seen Date checked out Ejemplar Price effective from Forma de adquisición Tipo de material
    Local     Educación Ambiental Inventariado 2017 Sala Fabio Quevedo Sala Fabio Quevedo 10/07/2009 Cavelier, Inés 1 EA-400 027333 18/03/2017 31/08/2016 Ej.1 04/12/2012   Folleto